OUTLINE OF BIOCHEMISTRY (Record no. 3862)
[ view plain ]
| 000 -LEADER | |
|---|---|
| fixed length control field | 00460cam a2200193ua 4500 |
| 008 - FIXED-LENGTH DATA ELEMENTS--GENERAL INFORMATION | |
| fixed length control field | 131205n1987 II |||gr||||Z||||||eng |
| 040 ## - CATALOGING SOURCE | |
| Original cataloging agency | MAIN |
| 041 ## - LANGUAGE CODE | |
| -- | English |
| 100 ## - MAIN ENTRY--PERSONAL NAME | |
| Personal name | ERIE, E. CONN. |
| 245 ## - TITLE STATEMENT | |
| Title | OUTLINE OF BIOCHEMISTRY |
| 260 ## - PUBLICATION, DISTRIBUTION, ETC. | |
| Place of publication, distribution, etc. | NEW YORK |
| Name of publisher, distributor, etc. | JOHN WILLEY & SONS |
| Date of publication, distribution, etc. | 1987 |
| 300 ## - PHYSICAL DESCRIPTION | |
| Extent | 693: |
| Dimensions | 24CM. |
| 700 ## - ADDED ENTRY--PERSONAL NAME | |
| Personal name | PAUL, K. STAMPT. |
| 700 ## - ADDED ENTRY--PERSONAL NAME | |
| Personal name | BRUENING, GEORGE. |
| 700 ## - ADDED ENTRY--PERSONAL NAME | |
| Personal name | ROY, H. DOI. |
| 942 ## - ADDED ENTRY ELEMENTS (KOHA) | |
| Koha item type | Books |
| 653 ## - INDEX TERM--UNCONTROLLED | |
| Uncontrolled term | Biochemistry |
| Withdrawn status | Lost status | Source of classification or shelving scheme | Damaged status | Not for loan | Collection code | Home library | Current library | Shelving location | Date acquired | Barcode | Date last seen | Price effective from | Koha item type | Public note |
|---|---|---|---|---|---|---|---|---|---|---|---|---|---|---|
| Dewey Decimal Classification | TBCHE | Central Library and Information Centre Sibsagar Girls College | Central Library and Information Centre Sibsagar Girls College | CHEMISTRY BOOK RACK | 06.06.1990 | 12142 | 20.10.2022 | 20.10.2022 | Books | V |